Second World Countries - Statistics

General Stats
  • This quiz has been taken 451 times
    193 since last reset
  • The average score is 25 of 33
Answer Stats
Answer % Correct
Ukraine
88%
Russia
87%
China
84%
Latvia
84%
Lithuania
84%
Estonia
82%
Poland
81%
Slovakia
81%
Belarus
80%
Romania
80%
Serbia
80%
Slovenia
78%
Croatia
77%
Armenia
76%
Albania
75%
Bulgaria
75%
Hungary
75%
Bosnia and Herzegovina
74%
Turkmenistan
74%
Uzbekistan
74%
Georgia
72%
Moldova
72%
Tajikistan
72%
Azerbaijan
71%
Montenegro
71%
Kazakhstan
70%
North Korea
68%
North Macedonia
67%
Mongolia
65%
Vietnam
65%
Kyrgyzstan
63%
Czech Republic
61%
Laos
51%
No matching quizzes found
Score Distribution
Percent of People with Each Score
Percentile by Number Answered
Your Score History
You have not taken this quiz since the last reset